[Event "DVM U14 2019"]
[Site "Magdeburg GER"]
[Date "2019.12.29"]
[Round "5"]
[White "Gutewort, Paul Emil"]
[Black "Nied, Pascal"]
[Result "0-1"]
[Termination "normal"]
[Board "4.1"]
[WhiteElo "1714"]
[BlackElo "1717"]
[WhiteTeam "Schachfreunde Nordost Berlin"]
[BlackTeam "SC Untergrombach 46"]
[PlyCount "100"]
[WhiteFideId "16204182"]
[BlackFideId "16260597"]
[EventCountry "GER"]
[EventRounds "7"]
[EventType "team-swiss"]
[EventDate "2019.12.26"]

1. c4 e6 2. g3 d5 3. Bg2 Nf6 4. Nf3 Nbd7 5. b3 c6 6. O-O Be7 7. Bb2 O-O 8. d3
b6 9. Qc2 Bb7 10. Nbd2 c5 11. e4 Qc7 12. Rfe1 d4 13. Rf1 Rae8 14. Rae1 Bd6 15.
Kh1 e5 16. Bc1 Nh5 17. Qd1 g6 18. Nb1 f6 19. Na3 a6 20. Nc2 b5 21. Na3 Qb6 22.
Nh4 b4 23. Nb1 Qc7 24. Kg1 Bc8 25. Bh3 Nb6 26. Bxc8 Nxc8 27. Ng2 Ng7 28. f4 f5
29. fxe5 Bxe5 30. Nd2 Nd6 31. exf5 Ngxf5 32. Nf3 Bg7 33. Nf4 Ne3 34. Bxe3 dxe3
35. Ng5 Bd4 36. Re2 Qd7 37. Nf3 Nf5 38. Nd5 Ne7 39. Nxe7+ Rxe7 40. Ng5 Rxf1+
41. Qxf1 Bc3 42. Ne4 Qxd3 43. Ng5 h6 44. Nf3 Rf7 45. h3 Qe4 46. Kg2 h5 47. h4
Be5 48. Re1 Bxg3 49. Kxg3 Qg4+ 50. Kh2 Rxf3 0-1

[Event "DVM U14 2019"]
[Site "Magdeburg GER"]
[Date "2019.12.29"]
[Round "5"]
[White "Toth, Marc"]
[Black "Reichmann, Felix"]
[Result "1/2-1/2"]
[Termination "normal"]
[Board "4.2"]
[WhiteElo "1564"]
[BlackElo "1791"]
[WhiteTeam "SC Untergrombach 46"]
[BlackTeam "Schachfreunde Nordost Berlin"]
[PlyCount "42"]
[WhiteFideId "16260210"]
[BlackFideId "16238290"]
[EventCountry "GER"]
[EventRounds "7"]
[EventType "team-swiss"]
[EventDate "2019.12.26"]

1. e4 c6 2. d4 d6 3. Bd3 Nd7 4. Ne2 g6 5. O-O Bg7 6. c3 e5 7. Nd2 Ne7 8. f4
exf4 9. Nf3 h6 10. Bxf4 Nf8 11. e5 Nd5 12. Qd2 Nxf4 13. Qxf4 Ne6 14. Qg3 d5 15.
Nh4 Qg5 16. Qf2 O-O 17. Nf3 Qe7 18. Qe3 h5 19. h4 Bd7 20. Kh2 Rac8 21. Rad1 Nc7
1/2-1/2

[Event "DVM U14 2019"]
[Site "Magdeburg GER"]
[Date "2019.12.29"]
[Round "5"]
[White "Beck, Felix"]
[Black "Richter, Simon"]
[Result "1/2-1/2"]
[Termination "normal"]
[Board "4.3"]
[WhiteElo "1508"]
[BlackElo "1476"]
[WhiteTeam "Schachfreunde Nordost Berlin"]
[BlackTeam "SC Untergrombach 46"]
[PlyCount "79"]
[WhiteFideId "16255364"]
[BlackFideId "16258347"]
[EventCountry "GER"]
[EventRounds "7"]
[EventType "team-swiss"]
[EventDate "2019.12.26"]

1. c4 e6 2. g3 d5 3. Bg2 Nf6 4. Nf3 Nbd7 5. b3 c6 6. O-O Be7 7. Bb2 O-O 8. d3
b6 9. e3 Bb7 10. Nbd2 c5 11. d4 Rc8 12. Rc1 Rc7 13. Qe2 Qa8 14. Rfd1 Rfc8 15.
Ba3 Bf8 16. Bb2 Be7 17. Ne5 cxd4 18. exd4 dxc4 19. Bxb7 Qxb7 20. Ndxc4 Qa6 21.
Qd3 b5 22. Nd2 Qb7 23. Rxc7 Rxc7 24. Rc1 Rxc1+ 25. Bxc1 a6 26. Bb2 Nb6 27. Qf3
Qd5 28. Qxd5 Nbxd5 29. Nc6 Bd6 30. Kg2 Nb4 31. Nxb4 Bxb4 32. Nf3 Nd7 33. Ne5
Nxe5 34. dxe5 Bc5 35. f4 Kf8 36. Kf3 Ke8 37. h3 Kd7 38. Ke4 Kc6 39. g4 Be7 40.
Kd4 1/2-1/2

[Event "DVM U14 2019"]
[Site "Magdeburg GER"]
[Date "2019.12.29"]
[Round "5"]
[White "Hommer, Jeremy"]
[Black "Halabi, Ibrahim"]
[Result "1-0"]
[Termination "normal"]
[Board "5.1"]
[WhiteElo "2104"]
[BlackElo "1918"]
[WhiteTeam "SC Turm Lüneburg e.V."]
[BlackTeam "SK Frankenthal"]
[PlyCount "77"]
[WhiteFideId "12992577"]
[BlackFideId "16241754"]
[EventCountry "GER"]
[EventRounds "7"]
[EventType "team-swiss"]
[EventDate "2019.12.26"]

1. d4 d5 2. Bf4 Nf6 3. e3 e6 4. Nf3 c5 5. c3 Nc6 6. Nbd2 Bd6 7. Bg3 O-O 8. Bd3
b6 9. Qe2 Re8 10. Ne5 Bb7 11. O-O Qc7 12. f4 Ne7 13. Qf3 Nf5 14. Bf2 Bf8 15. g4
Nd6 16. Qh3 Nfe4 17. Bxe4 dxe4 18. g5 Nf5 19. Rfd1 b5 20. Nf1 Bd6 21. Ng3 Nxg3
22. hxg3 Bxe5 23. dxe5 f5 24. gxf6 gxf6 25. exf6 Qf7 26. g4 Rad8 27. Qh4 Rxd1+
28. Rxd1 Bd5 29. b3 c4 30. b4 Qg6 31. f5 Qf7 32. Rxd5 exd5 33. Bg3 d4 34. exd4
e3 35. Be5 Kh8 36. Qh5 e2 37. Kf2 Rxe5 38. dxe5 Qd7 39. Qg5 1-0

[Event "DVM U14 2019"]
[Site "Magdeburg GER"]
[Date "2019.12.29"]
[Round "5"]
[White "Schreidl, Michael"]
[Black "Bildat, Emilia"]
[Result "1-0"]
[Termination "normal"]
[Board "5.2"]
[WhiteElo "1632"]
[BlackElo "1754"]
[WhiteTeam "SK Frankenthal"]
[BlackTeam "SC Turm Lüneburg e.V."]
[PlyCount "57"]
[WhiteFideId "16265750"]
[BlackFideId "16218140"]
[EventCountry "GER"]
[EventRounds "7"]
[EventType "team-swiss"]
[EventDate "2019.12.26"]

1. e4 c5 2. Nf3 g6 3. d4 cxd4 4. Nxd4 Bg7 5. c4 Nc6 6. Be3 Nf6 7. Nc3 O-O 8.
Be2 d6 9. O-O Bd7 10. h3 Nxd4 11. Bxd4 Bc6 12. Bf3 Nd7 13. Be2 Nc5 14. Bxg7
Kxg7 15. Qc2 Qd7 16. b4 Ba4 17. Qb2 Kg8 18. bxc5 dxc5 19. Nd5 Rab8 20. f4 Bc6
21. Rad1 Bxd5 22. Rxd5 Qc7 23. Qb5 Rfd8 24. Rxc5 Qd6 25. Rd5 Qf6 26. e5 Qf5 27.
Bd3 Qe6 28. Be4 f5 29. Rxd8+ 1-0

[Event "DVM U14 2019"]
[Site "Magdeburg GER"]
[Date "2019.12.29"]
[Round "5"]
[White "Wusterack, Paul"]
[Black "Yergin, Danyar"]
[Result "0-1"]
[Termination "normal"]
[Board "5.3"]
[WhiteElo "1539"]
[BlackElo "1428"]
[WhiteTeam "SC Turm Lüneburg e.V."]
[BlackTeam "SK Frankenthal"]
[PlyCount "99"]
[WhiteFideId "16255356"]
[BlackFideId "16243722"]
[EventCountry "GER"]
[EventRounds "7"]
[EventType "team-swiss"]
[EventDate "2019.12.26"]

1. e4 c6 2. d4 d5 3. exd5 cxd5 4. Bd3 Nc6 5. c3 Nf6 6. Bf4 Qb6 7. Qc2 Bd7 8.
Nf3 Rc8 9. Qe2 Bg4 10. O-O Bxf3 11. gxf3 e6 12. a4 Qd8 13. Bg3 Bd6 14. Na3 a6
15. Nc2 Nh5 16. Ne3 Nf4 17. Qd2 Nxd3 18. Qxd3 Ne7 19. Rfe1 O-O 20. Kh1 Bxg3 21.
hxg3 Ng6 22. Kg2 Qg5 23. Ng4 h5 24. Qe3 Qxe3 25. Nxe3 h4 26. Rh1 hxg3 27. fxg3
f5 28. f4 Kf7 29. Rh2 Rc6 30. Kf3 Rh8 31. Rah1 Rxh2 32. Rxh2 Ne7 33. Nc2 Rc4
34. Nb4 Nc6 35. Nxc6 bxc6 36. a5 c5 37. Rd2 cxd4 38. Rxd4 Rxd4 39. cxd4 Ke7 40.
Ke3 Kd7 41. Kd3 Kc6 42. Kc3 Kb5 43. Kb3 Kxa5 44. Ka3 Kb5 45. Kb3 a5 46. Kc3 a4
47. Kc2 Kc4 48. Kb1 a3 49. b3+ Kxb3 50. Ka1 0-1

[Event "DVM U14 2019"]
[Site "Magdeburg GER"]
[Date "2019.12.29"]
[Round "5"]
[White "Morgenthaler, Nick"]
[Black "Rennkamp, Johannes"]
[Result "0-1"]
[Termination "normal"]
[Board "5.4"]
[WhiteElo "1391"]
[BlackElo "1493"]
[WhiteTeam "SK Frankenthal"]
[BlackTeam "SC Turm Lüneburg e.V."]
[PlyCount "116"]
[WhiteFideId "16286138"]
[BlackFideId "16268784"]
[EventCountry "GER"]
[EventRounds "7"]
[EventType "team-swiss"]
[EventDate "2019.12.26"]

1. d4 Nf6 2. c4 c5 3. d5 b5 4. b3 d6 5. Bb2 Nbd7 6. Nd2 g6 7. e4 Bg7 8. Bd3 O-O
9. Ne2 bxc4 10. bxc4 e6 11. Ng3 Ba6 12. Qc2 e5 13. O-O Qc7 14. Rfc1 Rab8 15.
Rab1 Bh6 16. Bc3 Nb6 17. Ba5 Qd7 18. Qd1 Qg4 19. Rb3 Qxd1+ 20. Rxd1 Rfc8 21.
Rdb1 Nfd7 22. Ngf1 Kf8 23. Bxb6 Rxb6 24. Rxb6 axb6 25. Be2 f5 26. f3 Bxd2 27.
Nxd2 f4 28. g3 g5 29. Kg2 Ke7 30. g4 Ra8 31. Bd1 Bb7 32. a4 Kd8 33. Bc2 Kc7 34.
h4 h6 35. Rh1 Nf6 36. hxg5 hxg5 37. Rh6 Rf8 38. Rg6 Kd8 39. Rxg5 Ke7 40. Rg7+
Rf7 41. Rxf7+ Kxf7 42. Kh3 Kg6 43. Kh4 Nd7 44. Nf1 Nb8 45. Nd2 Na6 46. Nb3 Nb4
47. Bd1 Ba6 48. Be2 Nc2 49. a5 bxa5 50. Nxa5 Ne3 51. g5 Ng2+ 52. Kh3 Ne3 53.
Kh4 Ng2+ 54. Kh3 Ne3 55. Bd3 Kxg5 56. Be2 Kg6 57. Kh4 Bc8 58. Bf1 Nxf1 0-1

[Event "DVM U14 2019"]
[Site "Magdeburg GER"]
[Date "2019.12.29"]
[Round "5"]
[White "Högner, Tom"]
[Black "Zamhöfer, Luca"]
[Result "0-1"]
[Termination "normal"]
[Board "6.2"]
[WhiteElo "1768"]
[BlackElo "1724"]
[WhiteTeam "SC Erlangen 48/88"]
[BlackTeam "SF Katernberg"]
[PlyCount "80"]
[WhiteFideId "12995436"]
[BlackFideId "16216040"]
[EventCountry "GER"]
[EventRounds "7"]
[EventType "team-swiss"]
[EventDate "2019.12.26"]

1. e4 c5 2. Nf3 d6 3. d4 cxd4 4. Nxd4 Nf6 5. Nc3 g6 6. Be3 Bg7 7. Bc4 a6 8. f3
Nbd7 9. Qd2 b5 10. Bb3 Nc5 11. h4 h5 12. O-O-O Bd7 13. Kb1 Nxb3 14. Nxb3 a5 15.
Nd5 Nxd5 16. Qxd5 a4 17. Nc1 b4 18. Bd4 O-O 19. Bxg7 Kxg7 20. Qd4+ Kg8 21. Qxb4
Rb8 22. Qd4 Qc7 23. Rd3 Rfc8 24. Rd2 Qb7 25. Nd3 Be6 26. Rc1 Rc4 27. Qf2 Rc3
28. Ka1 Rc6 29. c3 Rbc8 30. Nb4 Qxb4 31. Rd4 Rc4 32. Rb1 Qb5 33. Rg1 Rxd4 34.
Qxd4 a3 35. b3 Qe2 36. c4 Kh7 37. Kb1 Bxc4 38. bxc4 Rxc4 39. Qb6 Qc2+ 40. Ka1
Qc3+ 0-1

[Event "DVM U14 2019"]
[Site "Magdeburg GER"]
[Date "2019.12.29"]
[Round "5"]
[White "Berresheim, Nils"]
[Black "Gilbert, Tim"]
[Result "1-0"]
[Termination "normal"]
[Board "6.3"]
[WhiteElo "1509"]
[BlackElo "1660"]
[WhiteTeam "SF Katernberg"]
[BlackTeam "SC Erlangen 48/88"]
[PlyCount "63"]
[WhiteFideId "16246306"]
[BlackFideId "16269527"]
[EventCountry "GER"]
[EventRounds "7"]
[EventType "team-swiss"]
[EventDate "2019.12.26"]

1. d4 d5 2. c4 e6 3. Nc3 Nf6 4. Bg5 Be7 5. Nf3 O-O 6. e3 Nbd7 7. Bd3 c5 8. O-O
h6 9. Bh4 cxd4 10. exd4 dxc4 11. Bxc4 b6 12. Bg3 Bb7 13. d5 exd5 14. Nxd5 Nxd5
15. Bxd5 Bxd5 16. Qxd5 Nf6 17. Qb7 Qd7 18. Qa6 Ne4 19. Rad1 Qf5 20. Rfe1 Nc5
21. Qb5 Qf6 22. Be5 Qg6 23. Bxg7 Qxg7 24. Rxe7 Rad8 25. Rxd8 Rxd8 26. Re8+ Rxe8
27. Qxe8+ Kh7 28. Ne5 f6 29. Nc6 Nd3 30. Qe4+ Qg6 31. Qxg6+ Kxg6 32. b4 1-0

[Event "DVM U14 2019"]
[Site "Magdeburg GER"]
[Date "2019.12.29"]
[Round "5"]
[White "Walders, Marc"]
[Black "Rasch, Lukas"]
[Result "0-1"]
[Termination "normal"]
[Board "6.4"]
[WhiteElo "1819"]
[BlackElo "1596"]
[WhiteTeam "SC Erlangen 48/88"]
[BlackTeam "SF Katernberg"]
[PlyCount "114"]
[WhiteFideId "16291905"]
[BlackFideId "16272072"]
[EventCountry "GER"]
[EventRounds "7"]
[EventType "team-swiss"]
[EventDate "2019.12.26"]

1. d4 Nf6 2. c4 e6 3. Bf4 d5 4. e3 c5 5. Nf3 Nc6 6. Nc3 cxd4 7. exd4 Bb4 8. Bd3
O-O 9. O-O a6 10. Qb3 Bxc3 11. bxc3 Na5 12. Qb4 dxc4 13. Bxc4 Nxc4 14. Qxc4 Bd7
15. Qb3 b5 16. Rfe1 Bc6 17. Nd2 Rc8 18. Re5 Bd5 19. Qc2 h6 20. h3 Qb6 21. Qd3
Qc6 22. Rc1 Bxg2 23. Qg3 Be4 24. Bxh6 Bg6 25. Bg5 Nh5 26. Qg4 Rce8 27. Rc5 Qd6
28. Nf3 f6 29. Bd2 Bf7 30. Rxh5 Bxh5 31. Qxh5 e5 32. Nh4 exd4 33. Ng6 dxc3 34.
Bxc3 Qa3 35. Qd5+ Rf7 36. Qd2 Kh7 37. Nf4 Rd7 38. Qc2+ Kg8 39. Bd2 Qd6 40. Be3
Ree7 41. Qb3+ Kh7 42. Qc2+ Kg8 43. Ng2 Rc7 44. Qb3+ Kh8 45. Rd1 Qc6 46. Nf4 Re8
47. Qd3 Kg8 48. Nh5 Qf3 49. Ng3 Rxe3 50. fxe3 Qxg3+ 51. Kf1 Qxh3+ 52. Ke1 Qg3+
53. Kf1 Qe5 54. Qe2 Qf5+ 55. Ke1 Rc2 56. Rd8+ Kh7 57. Qd1 Qf2# 0-1

[Event "DVM U14 2019"]
[Site "Magdeburg GER"]
[Date "2019.12.29"]
[Round "5"]
[White "Kraftsik, Christian"]
[Black "Yin, Haode"]
[Result "1/2-1/2"]
[Termination "normal"]
[Board "7.1"]
[WhiteElo "1850"]
[BlackElo "1747"]
[WhiteTeam "Schach-Club Vaterstetten-Grasbrunn"]
[BlackTeam "SchachAkademiePaderborn e. V."]
[PlyCount "55"]
[WhiteFideId "16242548"]
[BlackFideId "16261348"]
[EventCountry "GER"]
[EventRounds "7"]
[EventType "team-swiss"]
[EventDate "2019.12.26"]

1. d4 d5 2. c4 dxc4 3. Nf3 Nf6 4. Bf4 e6 5. e3 c5 6. Bxc4 a6 7. a4 Nc6 8. O-O
cxd4 9. exd4 Bb4 10. Nc3 h6 11. Ba2 O-O 12. d5 exd5 13. Nxd5 Nxd5 14. Bxd5 Bf5
15. Qb3 Qe7 16. Rac1 Be4 17. Bxc6 Bxc6 18. Ne5 Rfc8 19. Nxf7 Qxf7 20. Qxb4 Qd5
21. f3 Rd8 22. Be3 Qd3 23. Bf2 a5 24. Qg4 Qd7 25. Qc4+ Qd5 26. Bb6 Qxc4 27.
Rxc4 Rd2 28. Bd4 1/2-1/2

[Event "DVM U14 2019"]
[Site "Magdeburg GER"]
[Date "2019.12.29"]
[Round "5"]
[White "Nourzad, Shayan"]
[Black "Lerchl, Clemens"]
[Result "1-0"]
[Termination "normal"]
[Board "7.2"]
[WhiteElo "1782"]
[BlackElo "1743"]
[WhiteTeam "SchachAkademiePaderborn e. V."]
[BlackTeam "Schach-Club Vaterstetten-Grasbrunn"]
[PlyCount "43"]
[WhiteFideId "16274890"]
[BlackFideId "16226372"]
[EventCountry "GER"]
[EventRounds "7"]
[EventType "team-swiss"]
[EventDate "2019.12.26"]

1. d4 Nf6 2. Bf4 c5 3. e3 e6 4. c3 d5 5. Nd2 Bd6 6. Bg3 Nc6 7. Bd3 b6 8. Ngf3
Bb7 9. Qe2 Qc7 10. Rd1 O-O 11. e4 dxe4 12. Nxe4 Ne8 13. Nxd6 Nxd6 14. dxc5 Rfd8
15. cxd6 Qc8 16. O-O Nb8 17. Be4 Ba6 18. Qc2 Nc6 19. Rfe1 g6 20. Ne5 Nxe5 21.
Bxa8 Qxa8 22. Bxe5 1-0

[Event "DVM U14 2019"]
[Site "Magdeburg GER"]
[Date "2019.12.29"]
[Round "5"]
[White "Popovici, Liviu-Daniel"]
[Black "Rohm, Linus"]
[Result "1/2-1/2"]
[Termination "normal"]
[Board "7.3"]
[WhiteElo "1526"]
[BlackElo "1525"]
[WhiteTeam "Schach-Club Vaterstetten-Grasbrunn"]
[BlackTeam "SchachAkademiePaderborn e. V."]
[PlyCount "80"]
[WhiteFideId "1253689"]
[BlackFideId "16298217"]
[EventCountry "GER"]
[EventRounds "7"]
[EventType "team-swiss"]
[EventDate "2019.12.26"]

1. e4 d6 2. d4 Nf6 3. Nc3 Nbd7 4. Be3 e5 5. Nf3 Be7 6. h3 h6 7. Bc4 c6 8. Bb3
Qc7 9. Qd2 b5 10. dxe5 dxe5 11. a3 Nc5 12. Bxc5 Bxc5 13. O-O O-O 14. Rfe1 Nh5
15. Rad1 Qe7 16. Nh2 Qh4 17. Qe2 Nf4 18. Qf3 Qg5 19. Kh1 Be6 20. Ne2 Bxb3 21.
cxb3 Nxe2 22. Rxe2 Rad8 23. Ree1 Rd2 24. Rxd2 Qxd2 25. Qe2 Rd8 26. Nf3 Qxe2 27.
Rxe2 f6 28. Kh2 Rd3 29. b4 Bd4 30. Rc2 Rb3 31. Nxd4 exd4 32. Rd2 d3 33. Kg3 Kf7
34. Kf3 Ke6 35. Ke3 g5 36. g3 h5 37. h4 g4 38. f3 gxf3 39. Kxf3 Ke5 40. Ke3 a6
1/2-1/2

[Event "DVM U14 2019"]
[Site "Magdeburg GER"]
[Date "2019.12.29"]
[Round "5"]
[White "Gering, Jakob"]
[Black "Lerchl, Justus"]
[Result "1-0"]
[Termination "normal"]
[Board "7.4"]
[WhiteElo "1311"]
[BlackElo "1464"]
[WhiteTeam "SchachAkademiePaderborn e. V."]
[BlackTeam "Schach-Club Vaterstetten-Grasbrunn"]
[PlyCount "89"]
[WhiteFideId "16298225"]
[BlackFideId "16240677"]
[EventCountry "GER"]
[EventRounds "7"]
[EventType "team-swiss"]
[EventDate "2019.12.26"]

1. d4 Nf6 2. Bf4 e6 3. e3 c5 4. c3 cxd4 5. exd4 Be7 6. Nd2 O-O 7. Ngf3 d6 8.
Bd3 b6 9. Ne4 Nd5 10. Bg3 Bb7 11. h4 h6 12. Qe2 Qc7 13. O-O Re8 14. Ned2 Nd7
15. Nc4 Bf8 16. Rfe1 f5 17. Qd2 N7f6 18. Re2 Nh5 19. Rae1 Bc8 20. Na3 Bd7 21.
Bh2 Rab8 22. Nb5 Qc6 23. c4 Nc7 24. Nxa7 Qa4 25. Nb5 Nxb5 26. cxb5 Qxa2 27. Qc3
Rbc8 28. Qa3 Qxa3 29. bxa3 Rc3 30. Bxf5 Kf7 31. Bh3 Rxa3 32. Rb2 Ra5 33. Reb1
Rc8 34. d5 Rxb5 35. Bxe6+ Ke7 36. Rxb5 Rc1+ 37. Rxc1 Bxb5 38. Rb1 Bc4 39. Bxd6+
Kxd6 40. Rxb6+ Kc7 41. Rc6+ Kd8 42. Rxc4 Nf6 43. Nd4 Ne4 44. Nf5 Nd2 45. Rc8#
1-0

[Event "DVM U14 2019"]
[Site "Magdeburg GER"]
[Date "2019.12.29"]
[Round "5"]
[White "Kittel, Lennart"]
[Black "Kalina, Lena"]
[Result "1-0"]
[Termination "normal"]
[Board "8.1"]
[WhiteElo "1493"]
[BlackElo "1571"]
[WhiteTeam "SF 1876 Göppingen"]
[BlackTeam "SC Landskrone"]
[PlyCount "115"]
[WhiteFideId "16254171"]
[BlackFideId "12988014"]
[EventCountry "GER"]
[EventRounds "7"]
[EventType "team-swiss"]
[EventDate "2019.12.26"]

1. d4 Nf6 2. c4 g6 3. Nc3 Bg7 4. e4 d6 5. Be2 O-O 6. Be3 Nbd7 7. g4 c5 8. d5
Nb6 9. g5 Ne8 10. h4 e6 11. h5 exd5 12. cxd5 f5 13. hxg6 hxg6 14. Qd2 Nc7 15.
f3 Be5 16. Bf4 Qe7 17. O-O-O Bd7 18. Bd3 Rae8 19. Qh2 Qg7 20. Nge2 Kf7 21. exf5
Bxf5 22. Bxf5 gxf5 23. Qh5+ Ke7 24. Qh7 Rf7 25. Qxg7 Bxf4+ 26. Nxf4 Rxg7 27.
Rde1+ Kd7 28. Rxe8 Kxe8 29. g6 Nd7 30. Rh7 Kf8 31. Nb5 Rxh7 32. gxh7 Kg7 33.
Nxc7 Nf6 34. Nb5 Ne8 35. Nxa7 Kxh7 36. Kd2 Kh6 37. Ke3 Kg5 38. Ne6+ Kf6 39. Kf4
Kg6 40. Nb5 Nf6 41. Nec7 Nh5+ 42. Ke3 Kf6 43. Nxd6 b6 44. Nc4 Ke7 45. Nxb6 Nf6
46. Kf4 Kd8 47. Nb5 Nh5+ 48. Kxf5 Ng3+ 49. Ke6 Ne2 50. d6 Nf4+ 51. Kf7 Nd3 52.
Na7 Ne5+ 53. Ke6 c4 54. Kxe5 c3 55. bxc3 Ke8 56. d7+ Kd8 57. Nc6+ Kc7 58. d8=Q+
1-0

[Event "DVM U14 2019"]
[Site "Magdeburg GER"]
[Date "2019.12.29"]
[Round "5"]
[White "Müller, Maurice-Pascal"]
[Black "Schedel, Loris"]
[Result "1-0"]
[Termination "normal"]
[Board "8.2"]
[WhiteElo "1673"]
[BlackElo "1369"]
[WhiteTeam "SC Landskrone"]
[BlackTeam "SF 1876 Göppingen"]
[PlyCount "120"]
[WhiteFideId "16243340"]
[BlackFideId "16255542"]
[EventCountry "GER"]
[EventRounds "7"]
[EventType "team-swiss"]
[EventDate "2019.12.26"]

1. e4 c5 2. Nf3 a6 3. d4 cxd4 4. Nxd4 e5 5. Nb3 Nf6 6. Nc3 Bb4 7. Bd3 Bxc3+ 8.
bxc3 d6 9. h3 Qc7 10. Bd2 Be6 11. Qe2 O-O 12. g4 d5 13. f3 Nbd7 14. Rb1 Nc5 15.
Nxc5 Qxc5 16. Qg2 d4 17. c4 Bxc4 18. h4 Bxd3 19. cxd3 Qd6 20. Ke2 b5 21. Rbf1
Rac8 22. Rc1 Qe6 23. a3 Rxc1 24. Rxc1 Qa2 25. Qg3 Re8 26. g5 Nh5 27. Qxe5 Qe6
28. Qxe6 fxe6 29. Rc6 a5 30. Rb6 b4 31. axb4 axb4 32. Rxb4 e5 33. f4 Kf7 34.
fxe5 Rxe5 35. Kf3 Re8 36. Rxd4 Ke6 37. Bf4 Rf8 38. e5 Nxf4 39. Rxf4 Rd8 40. d4
Ra8 41. Ke4 Ra1 42. d5+ Ke7 43. h5 g6 44. hxg6 hxg6 45. Rf6 Re1+ 46. Kd4 Rd1+
47. Kc5 Rc1+ 48. Kb6 Rb1+ 49. Kc7 Rc1+ 50. Rc6 Rd1 51. Re6+ Kf7 52. Kd6 Ra1 53.
Rf6+ Ke8 54. Ke6 Ra6+ 55. d6 Ra7 56. Rxg6 Re7+ 57. Kd5 Rh7 58. Rg8+ Kf7 59. g6+
Kxg8 60. gxh7+ Kxh7 1-0

[Event "DVM U14 2019"]
[Site "Magdeburg GER"]
[Date "2019.12.29"]
[Round "5"]
[White "Blazevic, Ksaver"]
[Black "Behr, Julian"]
[Result "1/2-1/2"]
[Termination "normal"]
[Board "8.3"]
[WhiteElo "1304"]
[BlackElo "1645"]
[WhiteTeam "SF 1876 Göppingen"]
[BlackTeam "SC Landskrone"]
[PlyCount "80"]
[WhiteFideId "16255534"]
[BlackFideId "16255410"]
[EventCountry "GER"]
[EventRounds "7"]
[EventType "team-swiss"]
[EventDate "2019.12.26"]

1. e4 e5 2. Nf3 Nc6 3. Bb5 a6 4. Ba4 Nf6 5. d3 d6 6. h3 Be7 7. O-O O-O 8. c3 b5
9. Bc2 Bb7 10. Re1 Qd7 11. Nbd2 Rad8 12. Nf1 Rfe8 13. a3 Qc8 14. Ng3 Nd7 15.
Nf5 g6 16. Nh6+ Kg7 17. Bb3 Rf8 18. d4 exd4 19. cxd4 Bf6 20. Ng4 Rfe8 21. Bh6+
Kg8 22. Nxf6+ Nxf6 23. Ng5 Rd7 24. f3 Na5 25. Ba2 Nc4 26. Qc2 d5 27. Bxc4 dxc4
28. Rad1 Rde7 29. g4 c5 30. h4 cxd4 31. Rxd4 Qc5 32. Red1 Rd8 33. Qc3 Red7 34.
b4 Qb6 35. Ne6 fxe6 36. Be3 Rxd4 37. Rxd4 Rxd4 38. Bxd4 Qd6 39. Bxf6 Qd1+ 40.
Kg2 Qe2+ 1/2-1/2

[Event "DVM U14 2019"]
[Site "Magdeburg GER"]
[Date "2019.12.29"]
[Round "5"]
[White "Dittenberger, Nico"]
[Black "Heilig, Tim Markus"]
[Result "1/2-1/2"]
[Termination "normal"]
[Board "8.4"]
[WhiteElo "1362"]
[BlackElo "1191"]
[WhiteTeam "SC Landskrone"]
[BlackTeam "SF 1876 Göppingen"]
[PlyCount "64"]
[WhiteFideId "12996254"]
[BlackFideId "16295935"]
[EventCountry "GER"]
[EventRounds "7"]
[EventType "team-swiss"]
[EventDate "2019.12.26"]

1. e4 e5 2. Nf3 Nc6 3. Bc4 Bc5 4. c3 Nf6 5. d4 exd4 6. cxd4 Bb4+ 7. Bd2 Bxd2+
8. Nbxd2 d5 9. exd5 Nxd5 10. Qe2+ Be6 11. O-O O-O 12. a3 Re8 13. Qd1 a6 14. Re1
b5 15. Ba2 Qf6 16. Ne4 Qd8 17. Nc5 Qd6 18. Nxe6 Rxe6 19. Bxd5 Qxd5 20. Rxe6
fxe6 21. Rc1 Rd8 22. h3 Nxd4 23. Qxd4 Qxd4 24. Nxd4 Rxd4 25. Rxc7 Rd1+ 26. Kh2
Rd2 27. Rc6 Rxf2 28. Rxe6 Rxb2 29. Rxa6 Kf7 30. h4 g6 31. Rb6 Ra2 32. Rxb5 Rxa3
1/2-1/2

[Event "DVM U14 2019"]
[Site "Magdeburg GER"]
[Date "2019.12.29"]
[Round "5"]
[White "Günther, Fabian"]
[Black "Zwecker, Hagen"]
[Result "1/2-1/2"]
[Termination "normal"]
[Board "9.1"]
[WhiteElo "1499"]
[BlackElo "1480"]
[WhiteTeam "USV TU Dresden"]
[BlackTeam "SV 1947 Walldorf"]
[PlyCount "100"]
[WhiteFideId "16240294"]
[BlackFideId "12991007"]
[EventCountry "GER"]
[EventRounds "7"]
[EventType "team-swiss"]
[EventDate "2019.12.26"]

1. d4 d5 2. c4 e6 3. cxd5 exd5 4. Nc3 Nf6 5. f3 Bb4 6. Bf4 c5 7. e3 Nc6 8. a3
Bxc3+ 9. bxc3 O-O 10. Bd3 Re8 11. Qd2 c4 12. Bc2 b5 13. Ne2 a5 14. Ng3 a4 15.
O-O Na5 16. Rfe1 Nb3 17. Bxb3 axb3 18. Bg5 Qb6 19. Bxf6 Qxf6 20. e4 Bb7 21.
exd5 Rxe1+ 22. Rxe1 Bxd5 23. Qb2 g6 24. Re5 Bc6 25. Ne4 Bxe4 26. fxe4 Qa6 27.
Kf2 Qxa3 28. Qxa3 Rxa3 29. Rxb5 Ra2+ 30. Kf3 Rc2 31. d5 Rxc3+ 32. Kf4 f6 33. e5
fxe5+ 34. Kxe5 Rd3 35. Rb4 Kf7 36. Rxc4 b2 37. Rb4 Rd2 38. Rb7+ Ke8 39. d6 Rxg2
40. Rb8+ Kd7 41. Rb7+ Kc6 42. d7 Kxb7 43. d8=Q Re2+ 44. Kf6 b1=Q 45. Qd7+ Ka8
46. Qd8+ Qb8 47. Qa5+ Qa7 48. Qd8+ Kb7 49. Qd7+ Kb6 50. Qd4+ Kb7 1/2-1/2

[Event "DVM U14 2019"]
[Site "Magdeburg GER"]
[Date "2019.12.29"]
[Round "5"]
[White "Kokowski, Kevin"]
[Black "Döge, Wolf-Peter"]
[Result "1/2-1/2"]
[Termination "normal"]
[Board "9.2"]
[WhiteElo "1627"]
[BlackElo "1530"]
[WhiteTeam "SV 1947 Walldorf"]
[BlackTeam "USV TU Dresden"]
[PlyCount "42"]
[WhiteFideId "16256417"]
[BlackFideId "16281829"]
[EventCountry "GER"]
[EventRounds "7"]
[EventType "team-swiss"]
[EventDate "2019.12.26"]

1. e4 e6 2. d4 d5 3. Nd2 dxe4 4. Nxe4 Bd7 5. Nf3 Bc6 6. Bd3 Nd7 7. Bf4 Ngf6 8.
Qe2 Bb4+ 9. c3 Be7 10. h3 Nxe4 11. Bxe4 Bxe4 12. Qxe4 c6 13. g4 Nf6 14. Qe5 Qd5
15. Qxd5 exd5 16. Nh4 g6 17. Ng2 Kd7 18. f3 h5 19. Kf2 hxg4 20. hxg4 Rh7 21.
Rxh7 Nxh7 1/2-1/2

[Event "DVM U14 2019"]
[Site "Magdeburg GER"]
[Date "2019.12.29"]
[Round "5"]
[White "Andreas, Bruno"]
[Black "Meng, Yuxuan"]
[Result "1-0"]
[Termination "normal"]
[Board "9.3"]
[WhiteElo "1447"]
[BlackElo "1467"]
[WhiteTeam "USV TU Dresden"]
[BlackTeam "SV 1947 Walldorf"]
[PlyCount "111"]
[WhiteFideId "16274210"]
[BlackFideId "16258231"]
[EventCountry "GER"]
[EventRounds "7"]
[EventType "team-swiss"]
[EventDate "2019.12.26"]

1. e4 c5 2. Nf3 e6 3. d4 cxd4 4. Nxd4 Nf6 5. Nc3 Nc6 6. Be3 Bb4 7. Bd3 d5 8.
exd5 Nxd5 9. Nxc6 bxc6 10. Bd2 O-O 11. Ne4 Be7 12. O-O Qb6 13. Rb1 Ba6 14. Qe2
Bxd3 15. Qxd3 Rfd8 16. Qg3 Kh8 17. c4 Nf6 18. Bc3 Rg8 19. Nxf6 Bxf6 20. Bxf6
gxf6 21. Qc3 e5 22. Rbd1 Qc7 23. Rd2 Rad8 24. Rfd1 Rxd2 25. Qxd2 c5 26. Qd7
Qxd7 27. Rxd7 Rb8 28. b3 a5 29. Ra7 Rd8 30. g3 Kg7 31. Rxa5 Rc8 32. Kf1 Kf8 33.
Ke2 Ke8 34. Kd3 f5 35. b4 e4+ 36. Kc3 cxb4+ 37. Kxb4 Rb8+ 38. Rb5 Ra8 39. a4
Kd7 40. Rxf5 Ke6 41. Rd5 Rb8+ 42. Rb5 Ra8 43. a5 Ra7 44. Rb6+ Kd7 45. Kb5 Kc7
46. a6 h5 47. Rb7+ Rxb7+ 48. axb7 Kxb7 49. Kc5 Kc7 50. Kd4 Kd6 51. Kxe4 Kc5 52.
Kf5 Kxc4 53. Kg5 Kd4 54. Kxh5 Ke5 55. Kg5 f6+ 56. Kg6 1-0